Elementos básicos de electrónica / (Record no. 129547)

MARC details
000 -LEADER
campo de control de longitud fija 00819nam a2200253 i 4500
001 - NÚMERO DE CONTROL
campo de control 129547
003 - IDENTIFICADOR DE NÚMERO DE CONTROL
campo de control ES-MaACL
005 - FECHA Y HORA DE LA ÚLTIMA TRANSACCIÓN
campo de control 20230906193525.0
007 - CAMPO FIJO DE DESCRIPCIÓN FÍSICA--INFORMACIÓN GENERAL
campo de control de longitud fija t|
008 - DATOS DE LONGITUD FIJA--INFORMACIÓN GENERAL
campo de control de longitud fija 070626s1965 sp ||||1| spa d
080 ## - NÚMERO DE LA CLASIFICACIÓN DECIMAL UNIVERSAL
Número de la Clasificación Decimal Universal 621.38(02)
100 1# - ENTRADA PRINCIPAL--NOMBRE DE PERSONA
Nombre de persona Thureau, P.
9 (RLIN) 110183
245 10 - MENCIÓN DEL TÍTULO
Título Elementos básicos de electrónica /
Mención de responsabilidad, etc. por P. Thureau ; [traducción por Pedro Salvatella García y Pedro Esteve Abad].
250 ## - MENCION DE EDICION
Mención de edición 1ª ed.
260 ## - PUBLICACIÓN, DISTRIBUCIÓN, ETC.
Lugar de publicación, distribución, etc. Barcelona, etc. :
Nombre del editor, distribuidor, etc. José Montesó,
Fecha de publicación, distribución, etc. 1965.
300 ## - DESCRIPCIÓN FÍSICA
Extensión 180 p. :
Otras características físicas il. ;
Dimensiones 22 cm.
490 1# - MENCIÓN DE SERIE
Mención de serie Biblioteca de Electrónica
650 #4 - PUNTO DE ACCESO ADICIONAL DE MATERIA--TÉRMINO DE MATERIA
Término de materia o nombre geográfico como elemento de entrada Electrónica.
9 (RLIN) 12165
700 1# - ENTRADA AGREGADA--NOMBRE PERSONAL
Nombre de persona Salvatella García, Pedro.
9 (RLIN) 102124
700 1# - ENTRADA AGREGADA--NOMBRE PERSONAL
Nombre de persona Esteve Abad, Pedro.
9 (RLIN) 48141
830 0# - PUNTO DE ACCESO ADICIONAL DE SERIE-TÍTULO UNIFORME
Título uniforme Biblioteca de Electrónica
9 (RLIN) 186415
852 ## - LOCALIZACIÓN
Ubicación ES-MaACL
Número de control de estantería C-30191
Sublocalización o colección R.60197
Holdings
Estatus retirado Estado de pérdida Estado de daño No para préstamo Biblioteca de origen Biblioteca actual Ubicación en estantería Fecha de adquisición Fuente de adquisición Total de préstamos Signatura topográfica completa Código de barras Visto por última vez Precio de reemplazo Tipo de ítem Koha
        Biblioteca del Ateneo de Madrid Biblioteca del Ateneo de Madrid Depósito 2 17/01/2008     C-30191 1134901 23/02/2023 23/02/2023 Libro impreso